| Поле | Инд. | ПП | Название | Значение |
|---|---|---|---|---|
| Тип записи | a | |||
| Библиографический уровень | m | |||
| 001 | Контрольный номер | 699860d1-b331-4ab2-a2d5-8eb381702d6a | ||
| 005 | Дата корректировки | 20131111151927.1 | ||
| 008 | Кодируемые данные | 991207 d | ||
| 020 | a | ISBN | 5-288-00840-Х | |
| c | Цена, тираж | 250.00 | ||
| 080 | a | Индекс УДК | 514.7 | |
| 084 | a | Индекс другой классификации/Индекс ББК | В151.61 | |
| 090 | c | Каталожный индекс | В151.61 | |
| x | Авторский знак | П58 | ||
| a | Полочн. индекс | В151.6 | ||
| 100 | 1_ | a | Автор | Попов Юрий Иванович |
| 245 | 00 | a | Заглавие | Основы теории трехсоставных распределений проективного пространства |
| c | Ответственность | Ю.И. Попов; Калинингр. гос. ун-т | ||
| 260 | 0_ | a | Место издания | Спб. |
| b | Издательство | Изд-во С.-Петербург. ун-та | ||
| c | Дата издания | 1992 | ||
| 300 | a | Объем | 171,[1] с. | |
| 500 | a | Примечание | Библиогр.: с. 159-168. | |
| 504 | a | Библиография | Библиогр.: с.159-168 | |
| 650 | a | Основная рубрика | Проективные пространства | |
| 650 | a | Основная рубрика | Геометрия | |
| 650 | a | Основная рубрика | Дифференциальная геометрия | |
| 653 | a | Ключевые слова | Проективно-дифференциальная геометрия | |
| a | Ключевые слова | Распределения проективного пространства | ||
| a | Ключевые слова | Трехсоставные распределения | ||
| a | Ключевые слова | Дифференциальная геометрия | ||
| 852 | t | Порядковый номер экземпляра | 1 | |
| p | Инвентарный номер | 648187 | ||
| 863 | t | 00069711 | ||
| 954 | a | Дата поступления на обработку | 20.04.94 | |
| a | Дата поступления на обработку | 20.04.94 | ||
| 999 | a | Подразделение 2 | Фил3 |